<?xml version="1.0" encoding="UTF-8"?>
<collection xmlns:xsi="http://www.w3.org/2001/XMLSchema-instance" xsi:schemaLocation="http://www.loc.gov/MARC21/slim http://www.loc.gov/standards/marcxml/schema/MARC21slim.xsd" xmlns="http://www.loc.gov/MARC21/slim">
 <record>
  <leader>00000nam a22000004a 4500</leader>
  <controlfield tag="001">UP-8027390931312045635</controlfield>
  <controlfield tag="003">Buklod</controlfield>
  <controlfield tag="005">20250702073035.0</controlfield>
  <controlfield tag="006">m     o  d        </controlfield>
  <controlfield tag="007">cr mn|||||||||</controlfield>
  <controlfield tag="008">250701s2024    xxu     r    |||| u|eng d</controlfield>
  <datafield tag="020" ind1=" " ind2=" ">
   <subfield code="a">9798891611368</subfield>
  </datafield>
  <datafield tag="040" ind1="0" ind2=" ">
   <subfield code="a">UPMNL</subfield>
   <subfield code="d">CASM</subfield>
   <subfield code="e">rda</subfield>
  </datafield>
  <datafield tag="041" ind1="0" ind2=" ">
   <subfield code="a">eng</subfield>
  </datafield>
  <datafield tag="090" ind1="0" ind2="0">
   <subfield code="a">JA 71</subfield>
   <subfield code="b">H67 2024</subfield>
  </datafield>
  <datafield tag="100" ind1="0" ind2=" ">
   <subfield code="a">Hopper, Tucker [author]</subfield>
  </datafield>
  <datafield tag="245" ind1="0" ind2="0">
   <subfield code="a">Modern Political Theory</subfield>
   <subfield code="c">Tucker Hopper.</subfield>
  </datafield>
  <datafield tag="264" ind1=" " ind2="0">
   <subfield code="a">Jersey City, USA</subfield>
   <subfield code="b">Alexis Press, LLC</subfield>
   <subfield code="c">2024</subfield>
  </datafield>
  <datafield tag="300" ind1=" " ind2=" ">
   <subfield code="a">x, 277 pages</subfield>
   <subfield code="c">24 cm</subfield>
  </datafield>
  <datafield tag="336" ind1=" " ind2=" ">
   <subfield code="a">text</subfield>
   <subfield code="2">rdacontent</subfield>
  </datafield>
  <datafield tag="337" ind1=" " ind2=" ">
   <subfield code="a">unmediated</subfield>
   <subfield code="2">rdamedia</subfield>
  </datafield>
  <datafield tag="338" ind1=" " ind2=" ">
   <subfield code="a">volume</subfield>
   <subfield code="2">rdacarrier</subfield>
  </datafield>
  <datafield tag="505" ind1="0" ind2="0">
   <subfield code="a">Chapter 1 Approaches to Political Theory 1 -- Chapter 2 Theories of the State 15 -- Chapter 3 Political Ideas 55 -- Chapter 4 Nationalism 75 -- Chapter 5 Political Theory: Contemporary Debates in Democracy 112 -- Chapter 6 Political Ideology 145 -- Chapter 7 Freedom, Equality and Justice 185 -- Chapter 8 Machiavelli and Republicanism 209 -- Chapter 9 Morality and Political Realism 254.</subfield>
  </datafield>
  <datafield tag="520" ind1="0" ind2=" ">
   <subfield code="a">Modern political theory is a branch of political science that focuses on the ideas and concepts of politics that have emerged since the Enlightenment in the 17th and 18th centuries. It is concerned with the study of the nature and purpose of political authority, the role of the state, and the relationship between the individual and the state.Overall, modern political theory seeks to provide a framework for understanding and analyzing the political systems, institutions, and practices that exist in modern societies, and to offer insights into how they can be improved and reformed. Modern political theory is a field within political science and philosophy that focuses on the development and analysis of political ideas and concepts from the Enlightenment era to the present day. It encompasses a wide range of influential thinkers, including but not limited to political philosophers like John Locke, Jean-Jacques Rousseau, Thomas Hobbes, Karl Marx, and contemporary political theorists. Modern political theory features a diverse array of influential thinkers, from classical figures like Thomas Hobbes and Karl Marx to contemporary scholars like Martha Nussbaum and Amartya Sen.. These individuals have contributed unique perspectives on topics like justice, equality, and the role of the state, enriching the discipline. Books on modern political theory often explore the key ideas, debates, and movements that have shaped political thought and practice in the modern world. They may cover topics such as democracy, liberalism, socialism, conservatism, feminism, nationalism, and global politics. These books can provide valuable insights into the evolution of political ideas and their impact on the organization of societies, governments, and international relations.&quot; -- Book cover</subfield>
  </datafield>
  <datafield tag="650" ind1="0" ind2="0">
   <subfield code="a">Political science</subfield>
   <subfield code="b">Philosophy and theory.</subfield>
  </datafield>
  <datafield tag="650" ind1="0" ind2="0">
   <subfield code="a">Political ideologies.</subfield>
  </datafield>
  <datafield tag="905" ind1=" " ind2=" ">
   <subfield code="a">FO</subfield>
  </datafield>
  <datafield tag="852" ind1="0" ind2=" ">
   <subfield code="a">UPMNL</subfield>
   <subfield code="b">CASM</subfield>
   <subfield code="h">JA 71</subfield>
   <subfield code="i">H67 2024</subfield>
  </datafield>
  <datafield tag="942" ind1=" " ind2=" ">
   <subfield code="a">Book</subfield>
  </datafield>
 </record>
</collection>
